000 00589nam a2200193Ia 4500
999 _c33821
_d33821
003 OSt
005 20200918121831.0
008 190216s9999||||xx |||||||||||||| ||und||
020 _a9788120315006
040 _coclc
082 _a621.902
_bKIB/M
100 _aKibbe, Richard R
_94741
245 0 _aMachine Tool Practices /
_cRichard R Kibbe ; John E Neely ; Ronald O Meyer ; W T White
250 _a6th Ed.
260 _bPrentice Hall Of India,
_c2003.
_aNew Delhi:
300 _a822p
650 _aMechanics
942 _cBK
_2ddc
_h621.903
_iKIB/M
_k621.903
_mKIB/M